Lonely less : how to connect with others, make friends and feel less lonely

Bibliographic Details
Main Author: Hasson,Gill
Format: Book
Published: New Jersey : John Wiley & Sons Inc. , 2021
Subjects:

MARC

LEADER 00000cam a2200000 7i4500
001 0000090055
005 20230125150425.0
008 220915
020 |a 9780857089045 (paperback) 
041 |a English 
090 0 0 |a 158.2   |b HAS 
100 1 |a Hasson,Gill 
245 1 0 |a Lonely less :   |b how to connect with others, make friends and feel less lonely   |c Gill Hasson 
260 |a New Jersey :   |b John Wiley & Sons Inc. ,   |c 2021 
300 |a 234 p. ;   |c 22 cm. 
500 |a Includes index 
541 |c Purchased on 2022   |f KPM/JI/136 KPM   |h RM69.70 
650 0 |a Interpersonal relations 
730 0 |a Title 
999 |a 0001687072   |b Book   |c Adult Collection   |e Perbadanan Perpustakaan Awam Johor